• 首页
  • 本馆介绍
  • 公告通知
  • 最新文献
  • 馆藏检索
  • 电子资源
  • 读者导购
  • 参考咨询
  • 我的图书馆
  • 登录
  • 详细信息显示
  • 放入我的书架
  • 预约/预借图书
  • 作者相关作品
  • 分类相关作品
  • 丛书相关作品
  • 出版社相关作品

书目信息

  • 表格格式
  • 工作单格式
  • 卡片格式
题名:
青春期诊疗笔记
    
 
作者: 刘江波 著
分册:  
出版信息: 北京   化学工业出版社  2021
页数: 230页
开本: 21cm
丛书名:
单 册:
中图分类: G444
科图分类:
主题词: 青春期--qing chun qi--心理健康--健康教育
电子资源:
ISBN: 978-7-122-37760-9
000 00728nam0 2200217 450
001 2170665401
005 20211113193435.91
010    @a978-7-122-37760-9@dCNY39.80
100    @a20201224d2021 em y0chiy50 ea
101 0  @achi
102    @aCN@b110000
105    @ay z 000yy
200 1  @a青春期诊疗笔记@Aqing chun qi zhen liao bi ji@f刘江波著
210    @a北京@c化学工业出版社@d2021
215    @a230页@d21cm
330    @a本书通过各具特色的案例,结合笔者自身经历加以点评与指导,对青春期少年的心理变化特点进行了细致分析,并对其心理问题进行了有效的疏导。
606 0  @a青春期@Aqing chun qi@x心理健康@x健康教育
690    @aG444@v5
701  0 @a刘江波@Aliu jiang bo@4著
801  0 @aCN@bBP@c20201224
905    @aZUCC@dG444@e14
    
    青春期诊疗笔记/刘江波著.-北京:化学工业出版社,2021
    230页;21cm
    
    
    ISBN 978-7-122-37760-9:CNY39.80
    本书通过各具特色的案例,结合笔者自身经历加以点评与指导,对青春期少年的心理变化特点进行了细致分析,并对其心理问题进行了有效的疏导。
●
相关链接 在五车中查询图书 在当当中查询图书 在豆瓣中查询图书


正题名:青春期诊疗笔记     索取号:G444/14         预约/预借

序号 登录号 条形码 馆藏地/架位号 状态 备注
1 2000885338   2000885338   第二书库/ [索取号:G444/14] 在馆    
2 2000885339   2000885339   第二书库/ [索取号:G444/14] 在馆    
3 2000885340   2000885340   第二书库/ [索取号:G444/14] 在馆    
山东省滨州职业学院图书馆 欢迎您!
大连网信软件有限公司© 版权所有